LEADER 02034nam 2200553 450 001 9910705817803321 005 20170809115305.0 035 $a(CKB)5470000002454243 035 $a(OCoLC)1000154541 035 $a(EXLCZ)995470000002454243 100 $a20170809j199811 ua 0 101 0 $aeng 135 $aurbn||||||||| 181 $ctxt$2rdacontent 182 $cc$2rdamedia 183 $acr$2rdacarrier 200 10$aDetermination of yield in Inconel 718 for axial-torsional loading at temperatures up to 649°C /$fChristopher M. Gil and Cliff J. Lissenden, Bradley A. Lerch 210 1$aCleveland, Ohio :$cNational Aeronautics and Space Administration, Lewis Research Center,$dNovember 1998. 215 $a1 online resource (33 pages) $cillustrations 225 1 $aNASA/TM ;$v1998-208658 300 $a"November 1998." 300 $a"Performing organization: National Aeronautics and Space Administration, Lewis Research Center"--Report documentation page. 320 $aIncludes bibliographical references (pages 9-10). 606 $aHeat resistant alloys$2nasat 606 $aInconel (trademark)$2nasat 606 $aTorsion$2nasat 606 $aTemperature effects$2nasat 606 $aAxial loads$2nasat 606 $aStrain distribution$2nasat 606 $aYield strength$2nasat 606 $aHigh temperature environments$2nasat 615 7$aHeat resistant alloys. 615 7$aInconel (trademark) 615 7$aTorsion. 615 7$aTemperature effects. 615 7$aAxial loads. 615 7$aStrain distribution. 615 7$aYield strength. 615 7$aHigh temperature environments. 700 $aGil$b Christopher M.$01416811 702 $aLissenden$b Cliff Jesse 702 $aLerch$b Bradley A. 712 02$aLewis Research Center, 801 0$bGPO 801 1$bGPO 906 $aBOOK 912 $a9910705817803321 996 $aDetermination of yield in Inconel 718 for axial-torsional loading at temperatures up to 649°C$93523451 997 $aUNINA LEADER 02662oam 2200709I 450 001 996197712903316 005 20240402105321.0 010 $a1-134-77171-1 010 $a1-134-77172-X 010 $a1-280-32958-0 010 $a0-203-13101-0 024 7 $a10.4324/9780203131015 035 $a(CKB)111056485527164 035 $a(EBL)166051 035 $a(OCoLC)437250523 035 $a(SSID)ssj0000205851 035 $a(PQKBManifestationID)11174689 035 $a(PQKBTitleCode)TC0000205851 035 $a(PQKBWorkID)10214239 035 $a(PQKB)11731345 035 $a(MiAaPQ)EBC166051 035 $a(Au-PeEL)EBL166051 035 $a(CaPaEBR)ebr5003743 035 $a(CaONFJC)MIL32958 035 $a(OCoLC)50790909 035 $a(EXLCZ)99111056485527164 100 $a20180706d1997 uy 0 101 0 $aeng 135 $aur|n|---||||| 181 $ctxt 182 $cc 183 $acr 200 00$aMothering and ambivalence /$fedited by Wendy Hollway and Brid Featherstone 205 $a1st ed. 210 1$aLondon ;$aNew York :$cRoutledge,$d1997. 215 $a1 online resource (211 p.) 300 $aDescription based upon print version of record. 311 $a0-415-13910-4 311 $a0-415-13911-2 320 $aIncludes bibliographical references and index. 327 $aBook Cover; Title; Copyright; Contents 330 $aChildren's rights, lone motherhood and the breakdown of families are all issues at the forefront of current social debate in the West, with little agreement on what constitutes good parenting, or how the needs of both mother and child are best met. The feminist contribution to this debate is particularly important in keeping in view the diverse identities of all those who provide mothering. The psychoanalytic contribution is often undervalued and misunderstood.
Mothering and Ambivalence brings together authors from therapeutic, academic and social work backgrounds to discuss depen 606 $aMotherhood$xPsychological aspects 606 $aMothers$xPsychology 606 $aMother and child 606 $aAmbivalence 606 $aWomen and psychoanalysis 615 0$aMotherhood$xPsychological aspects. 615 0$aMothers$xPsychology. 615 0$aMother and child. 615 0$aAmbivalence. 615 0$aWomen and psychoanalysis. 676 $a306.874/3 701 $aFeatherstone$b Brid$0865042 701 $aHollway$b Wendy$0868074 801 0$bMiAaPQ 801 1$bMiAaPQ 801 2$bMiAaPQ 906 $aBOOK 912 $a996197712903316 996 $aMothering and ambivalence$91937945 997 $aUNISA